| 000 | 00773nam a22001697a 4500 | ||
|---|---|---|---|
| 999 |
_c57814 _d57814 |
||
| 005 | 20210420123738.0 | ||
| 008 | 201217s2020 ge ||||| |||| 00| 0 geo d | ||
| 022 | _a266793X | ||
| 245 |
_aარჩევნები და დემოკრატია : _b2020 საარჩევნო ჟურნალი / _cრედ. პარმენ ჯალაღონია. |
||
| 260 |
_aთბილისი , _c2020. |
||
| 300 |
_a50 გვ, _b30 სმ. |
||
| 653 | _aარჩევნები | ||
| 653 | _aდემოკრატია | ||
| 653 | _aაჭარის უმაღლესი საარჩევნო კომისია | ||
| 700 |
_aჯალაღონია, პარმენ _eრედაქტორი _99928 |
||
| 942 |
_2udc _cCR |
||